Možnosti zníženia daňového zaťaženia podnikateľov fyzických osôb bakalárska práca

Na minha lista:
Detalhes bibliográficos
Autor principal: Džurná, Katarína
Autor Corporativo: Fakulta hospodárskej informatiky EU. Katedra účtovníctva a audítorstva
Outros Autores: Kuceková, Milada
Formato: Livro
Idioma:eslovaco
Publicado em: Bratislava 2014
Tags: Adicionar Tag
Sem tags, seja o primeiro a adicionar uma tag!

MARC

LEADER 00000nbm a2200000 4500
001 0189830
005 20170201112005.9
041 0 |a slo 
044 |a SK 
245 1 0 |a Možnosti zníženia daňového zaťaženia podnikateľov fyzických osôb  |b bakalárska práca  |c Katarína Džurná ; školiteľ: Milada Kuceková 
264 1 |a Bratislava  |c 2014 
300 |a 47 s. 
100 1 |a Džurná, Katarína 
700 1 |a Kuceková, Milada 
710 2 |a Fakulta hospodárskej informatiky EU. Katedra účtovníctva a audítorstva